clubs L1 -L2 et national 2023-24 - Statistiques

Statistiques générales
  • Ce quiz a été pris 168 fois
    64 depuis la dernière actualisation
  • Le résultat moyen est 40 sur 56
Statistiques - réponses
Régions Divisions Clubs % Correct
Auvergne-Rhone-Alpes N1 GOA Lyon FC
98%
Auvergne-Rhone-Alpes L1 O. Lyon
98%
PACA L1 O. Marseille
96%
Ile de France L2 Paris FC
96%
Ile de France L1 Paris SG
96%
Bretagne L1 S. Rennes
94%
Hauts de France L1 RC Lens
92%
Grand-Est L1 RC Strasbourg
92%
Corse L2 AC Ajaccio
90%
Pays de la Loire L1 FC Nantes
90%
Hauts de France L1 Lille OSC
90%
Corse L2 SC Bastia
90%
PACA L1 AS Monaco
88%
Auvergne-Rhone-Alpes L2 AS Saint-Etienne
88%
Grand-Est L1 FC Metz
88%
PACA L1 OGC Nice
88%
Occitanie L1 Toulouse FC
88%
Auvergne-Rhone-Alpes L1 Clermont Foot 63
87%
Bourgogne-Franche-comté N1 Dijon FCO
87%
Nouvelle Aquitaine L2 Girondins de Bordeaux
87%
Occitanie L1 Montpellier HSC
87%
Bretagne L1 S. Brest
87%
Bretagne L1 FC Lorient
85%
Normandie L1 Le Havre AC
85%
Grand-Est N1 AS Nancy
79%
Auvergne-Rhone-Alpes L2 Grenoble Foot 38
79%
Grand-Est L1 S. Reims
77%
Pays de la Loire L2 SCO Angers
75%
Normandie L2 SM Caen
73%
Bourgogne-Franche-comté L2 AJ Auxerre
71%
Hauts de France L2 US Dunkerque L
71%
Bretagne L2 EA Guingamp
69%
Nouvelle Aquitaine L2 FC Pau
69%
Normandie N1 FC Rouen
69%
Ile de France N1 Red Star FC
69%
Hauts de France L2 Valenciennes FC
67%
Hauts de France L2 AC Amiens
65%
Bourgogne-Franche-comté N1 FC Sochaux
65%
Occitanie N1 Nimes O.
63%
Auvergne-Rhone-Alpes L2 FC Annecy
62%
Occitanie L2 Rodez AF
62%
Pays de la Loire L2 S. Laval
62%
Normandie L2 Quevilly RM
60%
Grand-Est L2 ES Troyes AC
58%
Centre-Val de loire N1 US Orleans
56%
Bretagne L2 US Concarneau
54%
Ile de France N1 FC Versailles
50%
Pays de la Loire N1 Le Mans FC
48%
Centre-Val de loire N1 LB chateauroux
40%
Nouvelle Aquitaine N1 Chamois Niort
37%
PACA N1 FC Martigues
37%
Auvergne-Rhone-Alpes N1 FC Villefranche-Beaujolais
35%
Grand-Est N1 SAS Epinal
29%
Pays de la Loire N1 SO Cholet
29%
Normandie N1 US Avranches
27%
PACA N1 Marignane GCB FC
15%
Aucun quiz correspondant
Distribution des résultats
% des personnes avec chaque résultat
Percentile par nombre de réponses
Votre historique - résultats
Vous n’avez pas pris ce quiz depuis la dernière actualisation